大手私鉄の定期特急停車駅 - Statistics

General Stats
  • This quiz has been taken 202 times
    84 since last reset
  • The average score is 214 of 402
Answer Stats
停車駅 % Correct
新宿
87%
大和
85%
京都
84%
浅草
82%
横浜
82%
小田原
80%
北千住
80%
80%
池袋
78%
海老名
78%
大阪梅田
78%
大阪難波
78%
近鉄名古屋
78%
近鉄奈良
78%
京急蒲田
78%
相模大野
78%
東武日光
78%
大和西大寺
78%
大阪上本町
76%
春日部
76%
桑名
76%
品川
76%
鶴橋
76%
所沢
76%
大和八木
76%
金沢八景
75%
金沢文庫
75%
川越
75%
近鉄四日市
75%
京急川崎
75%
新百合ヶ丘
75%
東武動物公園
75%
成田空港
75%
西宮
75%
藤沢
75%
町田
75%
尼崎
73%
大宮
73%
小川
73%
押上
73%
賢島
73%
橿原神宮前
73%
片瀬江ノ島
73%
神戸三宮
73%
渋谷
73%
泉岳寺
73%
鳥羽
73%
橋本
73%
秦野
73%
本厚木
73%
本川越
73%
三崎口
73%
武蔵小杉
73%
横須賀中央
73%
伊勢市
71%
菊名
71%
京都河原町
71%
京成上野
71%
下今市
71%
西武新宿
71%
西武秩父
71%
栃木
71%
羽田空港第1・第2ターミナル
71%
羽田空港第3ターミナル
71%
伊勢原
69%
伊勢崎
69%
太田
69%
上大岡
69%
川越市
69%
京王八王子
69%
自由が丘
69%
森林公園
69%
高尾
69%
調布
69%
豊橋
69%
名張
69%
飯能
69%
松阪
69%
空港第2ビル
69%
青砥
67%
伊勢中川
67%
北野
67%
京橋
67%
京成佐倉
67%
甲子園
67%
十三
67%
日暮里
67%
名鉄岐阜
67%
名鉄名古屋
67%
元町
67%
和歌山市
67%
泉佐野
65%
宇治山田
65%
小川町
65%
京成高砂
65%
京成津田沼
65%
京成成田
65%
京成船橋
65%
神宮前
65%
新栃木
65%
聖蹟桜ヶ丘
65%
高槻市
65%
東村山
65%
三浦海岸
65%
淡路
64%
生駒
64%
犬山
64%
茨木市
64%
入間市
64%
金山
64%
鬼怒川温泉
64%
京急久里浜
64%
狭山市
64%
新今宮
64%
新鹿沼
64%
高尾山口
64%
中部国際空港
64%
出町柳
64%
中目黒
64%
難波
64%
西鉄福岡(天神)
64%
西宮北口
64%
東岡崎
64%
枚方市
64%
府中
64%
分倍河原
64%
名鉄一宮
64%
朝霞台
62%
62%
京王多摩センター
62%
三条
62%
新鎌ヶ谷
62%
逗子・葉山
62%
成城学園前
62%
館林
62%
千歳烏山
62%
とうきょうスカイツリー
62%
常滑
62%
横瀬
62%
吉野
62%
YRP野比
62%
関西空港
60%
高速神戸
60%
極楽橋
60%
60%
坂戸
60%
高田馬場
60%
天満橋
60%
東武ワールドスクウェア
60%
拝島
60%
東松山
60%
淀屋橋
60%
和歌山港
60%
青物横丁
58%
浦賀
58%
大阪阿部野橋
58%
太田川
58%
祇園四条
58%
久喜
58%
白子
58%
新鵜沼
58%
丹波橋
58%
天下茶屋
58%
西鉄二日市
58%
日吉
58%
堀ノ内
58%
赤城
56%
印旛日本医大
56%
上野
56%
神奈川新町
56%
烏丸
56%
河内長野
56%
北浜
56%
鬼怒川公園
56%
京成八幡
56%
小手指
56%
七条
56%
尺土
56%
湘南台
56%
高幡不動
56%
中書島
56%
知立
56%
西鉄久留米
56%
布施
56%
御影
56%
青山
55%
芦屋
55%
内海
55%
大佐倉
55%
霞ケ関
55%
京王永山
55%
国府
55%
榊原温泉口
55%
笹塚
55%
佐野
55%
志摩磯部
55%
新安城
55%
新藤原
55%
知多半田
55%
天空橋
55%
長岡天神
55%
西谷
55%
明大前
55%
吉野口
55%
足利市
53%
伊賀神戸
53%
五十鈴川
53%
犬山遊園
53%
岩倉
53%
大牟田
53%
岸和田
53%
近鉄丹波橋
53%
小平
53%
石神井公園
53%
新開地
53%
西武立川
53%
宗吾参道
53%
知多武豊
53%
練馬
53%
南大沢
53%
八千代台
53%
魚崎
51%
鵜方
51%
大手町
51%
追浜
51%
笠松
51%
国府宮
51%
糀谷
51%
江南
51%
西院
51%
新横浜
51%
玉川上水
51%
古市
51%
平和島
51%
みさき公園
51%
武蔵嵐山
51%
めじろ台
51%
りんくうタウン
51%
穴守稲荷
49%
岡本
49%
勝田台
49%
川西能勢口
49%
北久里浜
49%
樟葉
49%
京王稲田堤
49%
京王片倉
49%
河和
49%
新木曽川
49%
高の原
49%
津島
49%
豊中
49%
榛原
49%
羽生
49%
東松戸
49%
南栗橋
49%
大和高田
49%
林間田園都市
49%
板倉東洋大前
47%
伊奈
47%
尾張横須賀
47%
京成酒々井
47%
汐入
47%
夙川
47%
新伊勢崎
47%
神武寺
47%
千葉ニュータウン中央
47%
津久井浜
47%
成田湯川
47%
萩山
47%
狭間
47%
曳舟
47%
ふじみ野
47%
二俣川
47%
薬院
47%
池田
45%
大鳥居
45%
尾崎
45%
葛生
45%
京急大津
45%
公津の杜
45%
新大津
45%
新桐生
45%
須ケ口
45%
和歌山大学前
45%
相老
44%
いずみ野
44%
学園前
44%
桔梗が丘
44%
京急長沢
44%
河和口
44%
堺東
44%
桜井
44%
新宿三丁目
44%
新舞子
44%
高田市
44%
塚口
44%
羽沢横浜国大
44%
馬堀海岸
44%
山田
44%
ユーカリが丘
44%
阿久比
42%
今津
42%
加須
42%
佐屋
42%
新可児
42%
新越谷
42%
つきのわ
42%
富貴
42%
保谷
42%
飛鳥
40%
和泉中央
40%
大橋
40%
表参道
40%
吉良吉田
40%
京成臼井
40%
金剛
40%
壺阪山
40%
豊川稲荷
40%
西元町
40%
野間
40%
花隈
40%
六甲
40%
恵比寿
38%
上野間
38%
高速長田
38%
佐野市
38%
せんげん台
38%
西尾
38%
西鉄柳川
38%
西代
38%
西ノ京
38%
日本ライン今渡
38%
東大和市
38%
美浜緑苑
38%
六田
38%
六浦
38%
吉野神宮
38%
朝倉
36%
柏森
36%
銀座
36%
下市口
36%
大和上市
36%
秋葉原
35%
石橋阪大前
35%
新高徳
35%
大開
35%
鳴海
35%
花畑
35%
久居
35%
本宿
35%
飯田橋
33%
甚目寺
33%
栂・美木多
33%
東成田
33%
美合
33%
南加木屋
33%
武蔵砂川
33%
有楽町
33%
六本木
33%
光明池
31%
杉戸高野台
31%
知多奥田
31%
鶴ヶ峰
31%
豊洲
31%
西可児
31%
野田
31%
志津
29%
巽ヶ丘
29%
西所沢
29%
稲荷口
27%
青木
27%
勝幡
27%
新栄町
27%
住吉町
27%
諏訪町
27%
南安城
27%
泉ケ丘
25%
可児川
25%
木崎
25%
香櫨園
25%
境町
25%
大善寺
25%
田沼
25%
寝屋川市
25%
上横須賀
24%
茅場町
24%
広尾
24%
福神
24%
藪塚
24%
春日原
22%
木田
22%
日比野
22%
深江
22%
福地
22%
八幡
22%
打出
20%
神谷町
20%
九度山
20%
香里園
18%
虎ノ門ヒルズ
18%
学文路
16%
No matching quizzes found
Score Distribution
Percent of People with Each Score
Percentile by Number Answered
Your Score History
You have not taken this quiz since the last reset